000 009590000a22002410004500
020 _a978-84-301-1817-5
082 0 4 _aG 270.1 M4948p
100 1 _aMeeks, Wayne A.
245 1 0 _aLos primeros cristianos urbanos / Wayne A. Meeks ; traducido por Manuel Olasagasti
250 _a2
260 _aSalamanca: Sígueme
300 _axii, 374 p.
440 0 _aCol. Bilioteca de estudios bíblicos ; no. 64
500 _aTítulo original en inglés: The first urban christians. The social world of the apostole Paul
501 _aPasta dura
505 0 0 _aEl ambiente urbano del cristianismo paulino -- El nivel social de los cristianos paulinos -- La formación de la ekklesia -- Gobierno -- Ritos -- Modelos de creencia y modelos de vida
650 1 4 _aCristianismo - Historia - Siglo I - VI \ Trinidad
001 18551
942 _cBK
999 _c44970
_d44970
336 _atexto
_btxt
_2rdacontent
337 _2rdamedia
_asin mediación
_bn
338 _2rdacarrier
_avolumen
_bnc